000 00255nam a22000977a 4500
999 _c11610
_d11610
008 190820b ||||| |||| 00| 0 eng d
020 _a9780143118237
100 _aMortenson Greg
_94666
245 _aStones into the School
260 _aUSA
_bPenguin Books
_c2009